• 首页
  • 本馆介绍
  • 公告通知
  • 最新文献
  • 馆藏检索
  • 电子资源
  • 读者导购
  • 参考咨询
  • 我的图书馆
  • 登录
  • 详细信息显示
  • 放入我的书架
  • 预约/预借图书
  • 作者相关作品
  • 分类相关作品
  • 丛书相关作品
  • 出版社相关作品

书目信息

  • 表格格式
  • 工作单格式
  • 卡片格式
题名:
格莱斯顿自由主义国际政治思想及其实践
    
 
作者: 沈秋欢 著
分册:  
出版信息: 北京   中国社会科学出版社  2012
页数: 246页
开本: 21cm
丛书名:
单 册:
中图分类: D095.614.3
科图分类:
主题词: 自由主义--政治思想--研究--英国--近代 , 自由主义 , 政治思想
电子资源:
ISBN: 978-7-5161-1872-6
000 00949nam0 2200277 450
001 523
005 20140905095854.28
010    @a978-7-5161-1872-6@dCNY26.00
100    @a20130627d2012 kemy0chiy50 ea
101 0  @achi
102    @aCN@b110000
105    @ay v 000yy
106    @ar
200 1  @a格莱斯顿自由主义国际政治思想及其实践@f沈秋欢著
210    @a北京@c中国社会科学出版社@d2012
215    @a246页@d21cm
300    @a上海外国语大学2011年度校级一般科研项目青年基金“格莱斯顿自由主义国际政治思想及外交实践研究”资助
330    @a本书分六章,主要包括:格莱斯顿国际政治思想的背景和渊源;格莱斯顿的宗教信仰与政治生涯;格莱斯顿自由国际主义思想;自由主义外交实践等内容。
606 0  @a自由主义@x政治思想@x研究@y英国@z近代
606 0  @a自由主义
606 0  @a政治思想
610 0  @a格莱斯顿(1809-1898)
690    @aD095.614.3@v5
701  0 @a沈秋欢@4著
801  0 @aCN@bTANGWEI@c20140603
905    @b0842771-73@dD095.614.3@e140@f3
    
    格莱斯顿自由主义国际政治思想及其实践/沈秋欢著.-北京:中国社会科学出版社,2012
    246页;21cm
    上海外国语大学2011年度校级一般科研项目青年基金“格莱斯顿自由主义国际政治思想及外交实践研究”资助
    
    ISBN 978-7-5161-1872-6:CNY26.00
    本书分六章,主要包括:格莱斯顿国际政治思想的背景和渊源;格莱斯顿的宗教信仰与政治生涯;格莱斯顿自由国际主义思想;自由主义外交实践等内容。
●
相关链接 在E读中查询图书 在五车中查询图书 在当当中查询图书 在豆瓣中查询图书


正题名:格莱斯顿自由主义国际政治思想及其实践     索取号:D095.614.3/140         预约/预借

序号 登录号 条形码 馆藏地/架位号 状态 备注
1 0842771   208427718   第一样本阅览室/ [索取号:D095.614.3/140] 在馆    
2 0842772   208427727   第一借阅区/ [索取号:D095.614.3/140] 在馆    
3 0842773   208427736   密集书库-史法系/ [索取号:D095.614.3/140] 在馆    
唐山师范学院图书馆 欢迎您!
大连网信软件有限公司© 版权所有